Historical Figures A to Z - Statistics

General Stats
  • This quiz has been taken 50 times
  • The average score is 14 of 26
Answer Stats
Hint Answer % Correct
F Famous singer who died of HIV/AIDS Freddie Mercury (Farrokh Bulsara)
95%
C Final and greatest empress of Russia Catherine, the Great
84%
R US President who resigned Richard Nixon
82%
E Longest reigning monarch of the House of Tudor Elizabeth I
80%
H Emperor who built a wall to seperate Scotland Hadrian
80%
U General of the Union and 18th President of the USA Ulysses S. Grant
80%
W The last Kaiser Wilhelm II
80%
M Member of the Second Triumvirate and lover of Cleopatra Mark Antony
77%
L Belgian king who treated the Congolese cruelly Leopold II
73%
D Prophet who survived the Lion's Den Daniel
70%
V French playwright who wrote Candide Voltaire (François-Marie Arouet)
68%
K 1800s German political theorist Karl Marx
66%
A English computer scientist, prosecuted for homosexual acts Alan Turing
64%
Z Persian Prophet who invoked Ahura Mazda Zoroaster
50%
Y Chairman of the PLO for 35 years Yasser Arafat
48%
G Bosnian Serb who was fed up with the Archduke Gavrilo Princip
45%
O First Holy Roman Emperor Otto the Great
45%
N Chairman who denounced Stalin Nikita Khrushchev
43%
B American traitor who switched sides with the UK Benedict Arnold
41%
T Evil, undefeated Turco-Mongol conqueror Timur / Tamerlane
36%
Q Ancient emperor poisoned by mercury in a quest for immortality Qin Shi Huang
32%
P Frenchman who betrayed his people Philippe Pétain
27%
J Just brother of Jesus, was martyred in 62 AD Saint James
27%
X Greek mercenary and historian Xenophon
16%
I Yugoslav novelist who won the Nobel Prize for Literature in 1961 Ivo Andrić
7%
S Orwell called him a "Good Draughtsman and a Disgusting Human Being" Salvador Dali
7%
No matching quizzes found
Score Distribution
Percent of People with Each Score
Percentile by Number Answered
Your Score History
You have not taken this quiz